Contratos laborales que coexisten en la explotación (Registro nro. 27251)

Detalles MARC
000 -LEADER
fixed length control field 00363 a2200109 4500
001 - CONTROL NUMBER
control field ART_21380
005 - DATE AND TIME OF LATEST TRANSACTION
control field 20260410161916.0
008 - FIXED-LENGTH DATA ELEMENTS--GENERAL INFORMATION
fixed length control field 260409a
100 1# - MAIN ENTRY--PERSONAL NAME
Personal name Livellara, Carlos Alberto
245 10 - TITLE STATEMENT
Title Contratos laborales que coexisten en la explotación
773 0# - HOST ITEM ENTRY
Title Revista de Derecho laboral y seguridad social
Related parts - Nº 3 (feb. 2013)
Record control number REV13556

No hay ítems disponibles.